01014nam a2200229 a 4500001001000000003000500010005001700015008004100032010001100073011001100084040000900095100003400104245018700138260004200325500006000367502009900427650006200526650005700588650003700645650003200682856007000714000109071CHAP20220329144036.0140401s2013 mx a sm |||||||spa d a105533 a106505 cCHAP1 aRamírez Gutiérrez, Arturo10aPlan de restructuración ecológica para el área de conservación del Parque Nacional Molino de Flores, Texcoco ,edo de Méxicoh[En línea]cpor Arturo Ramírez Gutiérrez. aChapingo, Méx. :bEl autor.,c2013. aPara ver el contenido del material haga clic en la liga aTesis (M.C. en Agroforestería para el Desarrollo Sostenible) -- UACH. Departamento de Suelos14aParque Nacional Molino de Flores Nezahualcóyotl, Méx.14aParques nacionalesxPreservaciónzMéxico (Edo.).14aReforestaciónxMéxico (Edo.)14aRestauración ecológica. aFinding aiduhttp://10.13.5.2/tesis/sist109071.pdfzTeclea aquí